<The> restricted least squares estimator: a pedagogical note.
Konštrukcia výrazov pre obmedzený odhad na základe najmenších štvorcov a jeho kovariačnej matice v klasickom regresnom modeli. Štandardné výrazy tohoto typu nie sú použiteľné pre krátky rozsah, pretože sa opierajú o neobmedzený odhad. Na základe istých obmedzení možno potrebný odhad vypočítať.
Salvato in:
| Autore principale: | |
|---|---|
| Altri autori: | |
| Natura: | Capitolo di libro |
| Lingua: | inglese |
| Soggetti: | |
| Tags: |
Nessun Tag, puoi essere il primo ad aggiungerne!!
|
MARC
| LEADER | 00000naa a2200000 4500 | ||
|---|---|---|---|
| 001 | r008042 | ||
| 005 | 20221213084540.5 | ||
| 041 | 0 | |a eng | |
| 044 | |a US | ||
| 245 | 1 | 0 | |a <The> restricted least squares estimator: a pedagogical note. |c W.H. Greene, T.G. Seaks |
| 520 | |a Konštrukcia výrazov pre obmedzený odhad na základe najmenších štvorcov a jeho kovariačnej matice v klasickom regresnom modeli. Štandardné výrazy tohoto typu nie sú použiteľné pre krátky rozsah, pretože sa opierajú o neobmedzený odhad. Na základe istých obmedzení možno potrebný odhad vypočítať. | ||
| 610 | 2 | 0 | |a modely regresné |
| 610 | 2 | 0 | |a matice |
| 610 | 2 | 0 | |a údaje štatistické |
| 610 | 2 | 0 | |a metódy matematicko-štatistické |
| 610 | 2 | 0 | |a metóda štvorcov najmenších |
| 100 | 1 | |a Greene, William H. | |
| 700 | 1 | |a Seaks, T.G. | |